00494pab a2200157 454500008004000000100002800040245009400068260000900162300001400171362001200185650004500197650002800242650001100270700002300281773003200304180718b2008 xxu||||| |||| 00| 0 eng d aMishra, Prajna Paramita aImpact of mining on agricultural productivity: a case study of the Indian state of Orissa c2008 ap.337-50. aJul-Dec aAgricultural production - India - Orissa aMining - India - Orissa aMining aPujari, Ayan Kumar aSouth Asia Economic Journal